Medaliści Mistrzostw Świata U-20 w Piłce Nożnej - Statystyki

Ogólne statystyki
  • Ten quiz został rozwiązany 52 razy
  • Średni wynik to 52 z 66
Statystyki odpowiedzi
Rok Miejsce Reprezentacja % Poprawnych
1979 1. Argentyna
100%
2. Argentyna
100%
1995 1. Argentyna
100%
1997 1. Argentyna
100%
2001 1. Argentyna
100%
2005 1. Argentyna
100%
2007 1. Argentyna
100%
3. Brazylia
98%
1983 1. Brazylia
98%
1985 1. Brazylia
98%
3. Brazylia
98%
2. Brazylia
98%
1993 1. Brazylia
98%
2. Brazylia
98%
2003 1. Brazylia
98%
3. Brazylia
98%
2. Brazylia
98%
2011 1. Brazylia
98%
2. Brazylia
98%
2. Hiszpania
98%
1999 1. Hiszpania
98%
2. Hiszpania
98%
3. Polska
98%
2013 1. Francja
95%
2. Japonia
95%
1989 1. Portugalia
95%
1991 1. Portugalia
95%
3. Portugalia
95%
2. Portugalia
95%
3. Anglia
93%
2017 1. Anglia
93%
2. Czechy
85%
2. Meksyk
85%
3. Meksyk
85%
3. Urugwaj
85%
2. Urugwaj
85%
2. Urugwaj
85%
3. Włochy
85%
3. Chile
83%
2019 1. Ukraina
83%
2. Korea Południowa
80%
3. Węgry
80%
3. Kolumbia
78%
3. Nigeria
71%
2. Nigeria
71%
2. Nigeria
71%
3. Egipt
68%
2015 1. Serbia
68%
1977 1. ZSRR
61%
2. ZSRR
61%
3. ZSRR
61%
2. Ghana
59%
2. Ghana
59%
2009 1. Ghana
59%
3. Ghana
59%
3. Rumunia
59%
1987 1. Jugosławia
56%
3. Irlandia
54%
1981 1. RFN
51%
2. RFN
51%
3. NRD
49%
3. Ekwador
41%
2. Wenezuela
32%
3. Mali
24%
3. Mali
24%
2. Katar
22%
Nie znaleziono quizów pasujących do podanych kryteriów
Rozkład punktacji
Procent ludzi z każdym wynikiem
Percentyl według liczby udzielonych odpowiedzi
Twoja historia wyników
Nie rozwiązałeś tego quizu